Language Quiz

Random Language Quiz

Four-Letter Acronym/Abbreviation/Initialism Plus Quiz Stats

 Plays Quiz not verified by Sporcle

Also try: Ends in 'FF'
Challenge
Share
Tweet
Embed
Score 0/34 Timer 05:00
0 Plays Today
Clue Acron/Abbr/Init % Correct
A: Swedish pop group ABBA
96.7%
A: Viral disease contracted through sexually/intravenouslyAIDS
93.3%
H: Internet protocol found on the address barHTTP
86.7%
N: Law enforcement organization in the Big AppleNYPD
83.3%
H: Standard used to create web pagesHTML
80%
M: Slang for a hot/attractive motherMILF
76.7%
U: Large university in CaliforniaUCLA
76.7%
H: Better image quality televisionHDTV
73.3%
L: Trilogy directed by Peter JacksonLOTR
70%
I: System for registering/coding booksISBN
66.7%
U: American mail delivery systemUSPS
66.7%
U: Large university in NevadaUNLV
66.7%
N: Organization that regulates college athletesNCAA
60%
T: Media franchise about four amphibiansTMNT
60%
H: American TV channel specialized in home improvementHGTV
56.7%
L: Exam taken to get into law schoolLSAT
53.3%
R: Army organization that deals with college studentsROTC
53.3%
Clue Acron/Abbr/Init % Correct
M: Association the rates filmsMPAA
50%
O: Organization that deals with employees safetyOSHA
50%
S: University in the Big AppleSUNY
46.7%
D: International program against drug useDARE
43.3%
L: Internet slang for much chucklesLMAO
43.3%
U: Agency that deals with farming, food, etc.USDA
43.3%
F: Organization that safeguards account depositsFDIC
40%
N: American stock market corporationNYSE
40%
S: AIDS in SpanishSIDA
36.7%
U: The 'Fly-boys''organizationUSAF
26.7%
M: American rock/pop band known for single hit 'Kids'MGMT
23.3%
F: Infamous Colombian guerrilla groupFARC
20%
B: Large Spain-based banking corporationBBVA
13.3%
N: Laws regarding the protection of the environmentNEPA
13.3%
E: English program for non-English speakersESOL
10%
O: UFO in SpanishOVNI
6.7%
B: Infamous banking corporation based of LondonBCCI
3.3%

You're not logged in!

Compare scores with friends on all Sporcle quizzes.
Join for Free
OR
Log In

You Might Also Like...

Show Comments

Extras

Created Nov 1, 2014ReportNominate
Tags:abbreviation, acronym, plu, stand

Top Quizzes Today


Score Distribution

Your Account Isn't Verified!

In order to create a playlist on Sporcle, you need to verify the email address you used during registration. Go to your Sporcle Settings to finish the process.

Report this User

Report this user for behavior that violates our Community Guidelines.

Details: